000 00365nam a22001577a 4500
003 OSt
008 251104b |||||||| |||| 00| 0 eng d
020 _a9789356292123
082 _a823.92
_bSHS
100 _aSHENOY,Preeti
245 _aThe Secret Wish List
250 _aReprint
260 _aGurugram
_bHarper Collins
_c2022
300 _a260
942 _2ddc
_cREF
999 _c13754
_d13754